000
00336nam a2200121Ia 4500
008
180117s9999 xx 000 0 und d
100
_a
by Terence Repelente
245
_a
Philippine Literature is Dating a gangster
260
_c
2017
300
_a
12-14 pages, 2017 November 12
440
_a
Philippine Panorama
650
_a
LITERATURE
999
_c
353296
_d
353296